Case study on power tiller: (Record no. 1855)
[ view plain ]
| 000 -LEADER | |
|---|---|
| fixed length control field | 00639nam a2200157 4500 |
| 001 - CONTROL NUMBER | |
| control field | 2328 |
| 005 - DATE AND TIME OF LATEST TRANSACTION | |
| control field | 20181127164940.0 |
| 010 00 - LIBRARY OF CONGRESS CONTROL NUMBER | |
| LC control number | |
| 090 00 - LOCALLY ASSIGNED LC-TYPE CALL NUMBER (OCLC); LOCAL CALL NUMBER (RLIN) | |
| Classification number (OCLC) (R) ; Classification number, CALL (RLIN) (NR) | BCA STA-305 No.2 |
| 245 00 - TITLE STATEMENT | |
| Title | Case study on power tiller: |
| Remainder of title | Sonam Wangchuk Drongphen dealer / |
| Statement of responsibility, etc. | Lobzang Thinley, Sonam Dorji, Karma Drugyel Wangmo, Pema Tashi, Sonam Lhamu, Sonam Yangzom, Kinley Dem. |
| Medium | |
| 260 00 - PUBLICATION, DISTRIBUTION, ETC. | |
| Place of publication, distribution, etc. | [Thimphu] : |
| Name of publisher, distributor, etc. | [Royal Thimphu College], |
| Date of publication, distribution, etc. | 2011. |
| 500 ## - GENERAL NOTE | |
| General note | Student research project for BCA 305: Strategic Management (Fall 2011): Subhajit Sanyal, lecturer. |
| General note | Spiral-bound xerographic copy. |
| 650 ## - SUBJECT ADDED ENTRY--TOPICAL TERM | |
| Topical term or geographic name entry element | Agricultural equipment. |
| Form subdivision | |
| General subdivision | |
| Chronological subdivision | |
| Geographic subdivision | |
| Source of heading or term | |
| Topical term or geographic name entry element | Tillage. |
| General subdivision | |
No items available.